[Event "EU-ch 3rd"]
[Site "Batumi"]
[Date "2002.06.22"]
[Round "10"]
[White "Volkov, Sergey"]
[Black "Macieja, Bartlomiej"]
[Result "0-1"]
[WhiteElo "2609"]
[BlackElo "2584"]
[Annotator "Krasenkow,M"]
[PlyCount "112"]
[EventDate "2002.06.12"]
[EventType "swiss"]
[EventRounds "13"]
[EventCountry "GEO"]
[SourceTitle "CBM 090"]
[Source "ChessBase"]
[SourceDate "2002.09.20"]
[SourceVersion "1"]
[SourceVersionDate "2002.09.20"]
[SourceQuality "1"]

1. d4 Nf6 2. c4 g6 3. Nc3 d5 4. cxd5 Nxd5 5. e4 Nxc3 6. bxc3 Bg7 7. Qa4+ Qd7 8.
Qxd7+ Nxd7 {This line is examined in detail in CBM86 (annotations to
Milov-Ftacnik, Leon 2001).} (8... Bxd7 {is played more frequently - see CBM88.}
) 9. Nf3 b6 10. Bc4 {This move is not a real improvement as Black obtains a
satisfactory position.} Bb7 11. O-O O-O 12. e5 e6 13. Ng5 {[%cal Rg5e6,Yf2f3,
Yg5e4]} Rfd8 14. f3 c5 15. Be3 {White's only trump is the poor position of the
black d7 knight. Black should try to transfer it to c6 via b8; first, however,
he must control the c-file.} Rac8 16. Rfc1 Bh6 17. Kf2 Rc7 18. h4 Rdc8 19. Bd3
cxd4 20. cxd4 Rxc1 {With a draw offer. White has no advantage whatsoever,
therefore his attempt to play for a win is groundless.} 21. Bxc1 $6 (21. Rxc1
Rxc1 22. Bxc1 $11) 21... Nb8 22. Be3 Rc3 23. Ke2 Ba6 {The exchange of these
bishops is quite favourable for Black.} 24. Bxa6 Nxa6 25. Bd2 Rc6 26. Ne4 $2 {
This leads to material losses.} ({After} 26. a3 Bxg5 27. Bxg5 Nc7 {Black's
knight is much stronger than White's bishop but Black can hardly win after} 28.
Bh6) 26... Bxd2 27. Kxd2 (27. Nxd2 Nb4 {[%cal Rb4c2]}) 27... Nb4 28. Nf6+ (28.
g4 Rc2+ 29. Ke3 Rxa2) 28... Kg7 29. a3 Nc2 $1 (29... Rc2+ 30. Ke3 Nc6 31. Kd3
Rxg2 32. Rc1 Ne7 33. Rc7 {gives White good counterplay.}) 30. d5 exd5 31. Rc1
Nd4 32. Rxc6 Nxc6 {[%mdl 4096] Black has won a pawn but winning the game is
not an easy task.} 33. f4 d4 34. Kd3 h5 {Now White can't take the d4 pawn with
the knight as the pawn endgame is lost for him.} 35. g4 (35. Kc4 Kf8 {[%cal
Yf8e7,Ye7e6]} 36. Kd5 d3 37. Ne4 Ne7+ 38. Kc4 Nf5 39. Kxd3 (39. g3 $2 Nxg3)
39... Nxh4 {is hopeless for White, e.g.} 40. g3 Nf5 41. Kc4 Ke7 42. Kb5 Ke6 43.
Ka6 (43. Ng5+ Kd5 44. Nxf7 Nxg3 45. Ng5 Ne2 46. Nh3 Nd4+ 47. Ka6 b5 48. Kxa7
Nc2 49. Kb6 Nxa3 50. Ka5 Kc5 $19) 43... Kd5 44. Ng5 Nxg3 45. Kxa7 Ne4 $1 46.
Nxf7 h4 47. Nh6 Nf2 48. f5 gxf5 49. Nxf5 h3 50. Ne3+ Kxe5 51. Nf1 Kf4 52. Kxb6
Ng4 53. a4 Ne3 54. Nh2 Kg3 55. a5 Nc4+ $19) 35... hxg4 36. Nxg4 b5 $1 37. Nh2 {
Now the black king comes into action.} (37. Ke4 a5 38. Kd5 a4 $1 39. Kxc6 b4
$19) 37... Kh6 $1 38. Nf3 Kh5 39. Ng5 (39. Ke4 a5 40. Kd5 Kg4 $1 41. Ng5 Nd8
42. Kxd4 Ne6+ $19) 39... Kxh4 (39... Nd8 $1 {was more precise. The pawn
endgame after} 40. Kxd4 Ne6+ {is winning for Black though not easy to
calculate:} 41. Kd5 (41. Nxe6 fxe6 42. Kc5 {loses in a remarkable way:} Kg4 $1
(42... Kxh4 $2 43. Kd6) 43. Kxb5 Kxf4 44. Ka6 Kxe5 45. Kxa7 Kd4 $1 (45... Kd6
$2 46. Kb6 e5 47. Kb5) 46. Kb6 e5 47. a4 e4 48. a5 e3 49. a6 e2 50. a7 e1=Q 51.
a8=Q Qe6+ $1 ({but not} 51... Qb4+ $2 52. Kc6 $1) 52. Qc6 (52. Kc7 Qe7+ 53. Kb6
Qc5+ 54. Kb7 Qd5+ $19) (52. Kb5 Qb3+ $19) 52... Ke5 $3 {This is what GM B.
Macieja overlooked in his calculations! After the queen exchange Black wins
the h4 pawn and the game.}) 41... Nxg5 42. hxg5 a5 $1 (42... Kg4 $2 43. e6
fxe6+ 44. Kxe6 Kxf4 45. Kf6 $11) 43. e6 $1 fxe6+ 44. Kxe6 b4 45. f5 $1 (45.
axb4 axb4 46. f5 b3 47. f6 b2 48. f7 b1=Q 49. f8=Q Qe4+ 50. Kd7 Qf5+ $1 $19)
45... bxa3 (45... b3 $143 46. f6 b2 47. f7 b1=Q 48. f8=Q Qe4+ 49. Kd6 $1 {
as the b4 square is protected!}) 46. f6 a2 47. f7 a1=Q 48. f8=Q Qa2+ {and
Black easily wins the queen endgame with two extra pawns.}) 40. Nxf7 Kg4 41. e6
$2 (41. Ke4 {was much more stubborn:} d3 ({or} 41... a5 42. e6 d3 43. e7 Nxe7
44. Ne5+ Kg3 45. Nxd3) 42. Kxd3 Kxf4 43. e6 Kf5 (43... g5 44. Nd6 a6 $6 45. Nc8
) (43... a6 {is apparently insufficient:} 44. Nd8 Ne7 45. Nb7 g5 46. Nc5 a5 $1
(46... g4 47. Nxa6 Kf3 (47... g3 48. Ke2 Kg4 49. Kf1 Kh3 50. Kg1 Nf5 51. Nc7 $1
Nd4 52. e7 Nf3+ 53. Kf1 g2+ 54. Ke2 g1=Q 55. e8=Q $11) 48. Nc7 g3 49. Nxb5 g2
50. Nd4+ $11) 47. Nb3 b4 (47... g4 48. Nxa5 g3 (48... Kf3 49. Nb3 $11) 49. Ke2
Kg4 50. Kf1 Kh3 51. Kg1 g2 52. Nb3 Nf5 53. e7 Nxe7 54. Nd4 $11) 48. axb4 (48.
a4 $2 g4 49. Nxa5 g3 50. Ke2 Kg4 51. Kf1 Kh3 52. Kg1 g2 53. Nb3 Nf5 54. e7 (54.
a5 Ng3 55. Nd4 b3 $19) 54... Nxe7 55. Nd4 Nc6 $1 56. Nf3 b3 $19) 48... axb4 49.
Kc4 g4 50. Nd4 (50. Kxb4 $2 g3 51. Nd4 Ke3 52. Nc2+ Kf2 $19) 50... Ke3 (50...
Ke4 51. Ne2 Kf3 52. Kd3 Ng6 (52... Kf2 53. Nf4 g3 $2 54. Nh5 $1 g2 55. Nf4 $11)
53. Nd4+ Kf2 54. Nf5 Nf4+ 55. Kc4 Nxe6 56. Kxb4) 51. Nc2+ Kd2 52. Nd4 {and I
don't see a win for Black}) 44. Nd6+ Kxe6 45. Nxb5 Ke5 {and Black should win
despite the limited material.}) 41... Kxf4 42. Nd8 Ne7 43. Kxd4 g5 {Comparing
to the lines examined in the previous annotation, the white knight is clearly
misplaced.} 44. Kc5 {The only attempt but the black queen easily outplays
White's knight and passed pawn.} g4 45. Nc6 g3 46. Nxe7 (46. Nd4 Ke3 $19) 46...
g2 47. Kd6 g1=Q 48. Nd5+ Kf5 49. Ne7+ (49. e7 Qg6+) 49... Kf6 50. Nd5+ Kg7 51.
Nc7 Qd4+ 52. Ke7 Qc5+ 53. Kd7 Kf8 54. Kd8 Qxa3 55. Kd7 Qe7+ 56. Kc6 b4 0-1

[Event "EU-ch 4th"]
[Site "Istanbul"]
[Date "2003.06.02"]
[Round "4"]
[White "Comas Fabrego, Luis"]
[Black "McShane, Luke J"]
[Result "0-1"]
[WhiteElo "2490"]
[BlackElo "2592"]
[Annotator "Krasenkow,M"]
[PlyCount "86"]
[EventDate "2003.05.30"]
[EventType "swiss"]
[EventRounds "13"]
[EventCountry "TUR"]
[SourceTitle "CBM 096"]
[Source "ChessBase"]
[SourceDate "2003.09.25"]
[SourceVersion "1"]
[SourceVersionDate "2003.09.25"]
[SourceQuality "1"]

1. d4 Nf6 2. c4 g6 3. Nc3 d5 4. cxd5 Nxd5 5. e4 Nxc3 6. bxc3 Bg7 7. Nf3 c5 8.
Rb1 O-O 9. Be2 cxd4 10. cxd4 Qa5+ 11. Bd2 Qxa2 12. O-O Bg4 13. Be3 Nc6 14. d5
Bxf3 {The most solid reply for Black in this system.} (14... Na5 {and}) (14...
Ne5 {are also possible.}) 15. Bxf3 Ne5 (15... Na5 {is the other option.}) 16.
Be2 (16. Rxb7 {doesn't bring White any dividends as the black a-pawn runs away:
} a5 $1 {The other options are inferior for Black:} (16... e6 $6 17. Qe2 $1 $16
(17. dxe6 $143 Qxe6 18. Rxa7 Nxf3+ 19. Qxf3 Rxa7 20. Bxa7 Re8 21. Re1 f5 22.
Qe3 fxe4 23. f3 {1/2-1/2 Chernin,A-Azmaiparashvili,Z/Vidmar mem12th/1997/ (30)}
)) (16... Nxf3+ 17. Qxf3 a5 18. Bc5 Qc4 19. Bxe7 Rfb8 20. Rxb8+ Rxb8 21. d6 $16
{1-0 Moiseenko,A-Khaetsky,R/Kharkov 2000/CBM 79 ext (35)}) 17. Rxe7 a4 18. Bd4
Nxf3+ 19. gxf3 Bxd4 20. Qxd4 a3 21. Kg2 Qb2 22. Qxb2 axb2 23. Rb1 Rfb8 24. d6
Kf8 25. Rc7 Ra1 26. Rxb2 Rxb2 27. Rc8+ Kg7 28. d7 Rd2 29. d8=Q Rxd8 30. Rxd8
Re1 $11 {1/2-1/2 Bacrot,E-Illescas Cordoba,M/Pamplona9798 1998/CBM 61 (39)}) (
16. Bc5 {is also harmless:} Bf6 17. Rxb7 (17. Be2 $5 Rfc8 18. Bd4) 17... Rfb8
18. Bxe7 $6 (18. Rxb8+ $142 Rxb8 19. d6 Qa5 20. Qd5 Nd7 $5 21. Be3 Qxd5 22.
exd5 exd6 23. Bxa7 $10) 18... Rxb7 19. Bxf6 Re8 20. h4 Qa3 21. Bxe5 Rxe5 22.
Qd4 Qb2 23. Qc4 Re8 24. Qc6 Qb5 $17 {Krasenkow,M-Azmaiparashvili,Z/Erevan olm/
1996/96ch2/0-1 (73)}) 16... Nc4 17. Bg5 Rfb8 {A new concept of counterplay:
Black gives up his e7 pawn but keeps his connected passed pawns.} (17... Rfe8
$5 {is the main theoretical line:} 18. Rxb7 Nd6 19. Rb4 a5 20. Ra4 Qb2 21. Bc1
Qb6 (21... Qb7 22. f4 Bb2 23. Be3 f5 24. e5 Ne4 25. Bd4 Nc3 26. Bxc3 Bxc3 27.
g4 Bb4 28. gxf5 gxf5 29. Kh1 $16 {1/2-1/2 Jelen,I-Sebenik,M/Bled 1999/CBM 69
ext (47). (46)}) 22. Be3 Qb2 23. Bc1 Qb6 24. Qd3 {1/2-1/2 Sakaev,K-Notkin,M/
RUS-ch Elista 1996 (31)}) (17... Nd6 $143 18. Bxe7 $1 (18. Bd3 Rfe8 19. Re1 e5
(19... Rad8 $5 {Ftacnik}) 20. Bd2 $1 b5 $6 (20... a5 $5) (20... f5 {Ftacnik})
21. Bxb5 Nxb5 22. Rxb5 a5 23. d6 $1 Red8 24. Rd5 Rd7 25. Qc1 Bf8 26. Bg5 $2 (
26. Qc3 $1 Rb8 27. Qxe5 Rb1 28. Rf1 $1 $16 {Gelfand}) 26... Qa4 27. Red1 Ra6 $1
$11 {1/2-1/2 Gelfand,B-Illescas Cordoba,M/Dos Hermanas/1997/ (31)}) 18... Nxe4
19. Bf3 $1 Nd2 (19... Nc3 20. Qb3 $1) 20. Qe2 Rfe8 21. d6 Nxf3+ 22. Qxf3 Bf8
23. Rxb7 a5 24. h4 a4 25. Rd1 Qe6 26. Bg5 h6 27. d7 hxg5 28. dxe8=Q Rxe8 29.
hxg5 $16 {Kramnik,V-Topalov,V/Linares/ 1998/CBM 64/1/2-1/2 (55)}) 18. Bxc4 (18.
Bxe7 Nd2) 18... Qxc4 19. Bxe7 (19. Qf3 $5) 19... b5 20. Rc1 {Now Black
collects the e4 pawn and stops White's d-pawn.} (20. Qf3 {deserves attention
to connect White's rooks. However, after} Qc3 {Black should hold the endgame.})
20... Qxe4 21. Re1 (21. d6 Bf8 22. Re1 Qf4) 21... Qf5 22. d6 Bf6 23. Bxf6 Qxf6
24. Qd5 Rd8 25. d7 {This pawn ties up Black's pieces, which just compensates
his material advantage.} Rab8 ({The endgame after} 25... Qf5 $5 26. Qxf5 gxf5
27. Rc7 {should be a draw.}) 26. g4 $6 {To prevent ...Qf5, White weakens his
king, after which his position becomes suspicious.} (26. Rc7 $142 a5 27. Qc5 {
with sufficient counterplay.}) 26... b4 $6 {Careless. White now obtains a
strong attack.} (26... Qf4 $1 27. h3 b4 {was the right move order; White's
pieces are paralysed as he can't play} 28. Rc4 $2 {in view of} Rxd7) 27. Re4 (
27. Rc7 Qf4 $1 28. Rc4 $140 $2 Rxd7) 27... h5 $6 {Black must free his king not
to get into a mating net like in the following line:} (27... b3 28. Rce1 $1 b2
$2 29. g5 Qc3 30. Re8+ Kg7 31. Qxf7+ Kxf7 32. R1e7#) ({But he should start with
} 27... Kg7 $1 28. Rc6 (28. g5 Qf5) 28... Qf3 {and White has no final blow in
sight.}) 28. Rce1 $2 {Missing a winning motif} (28. Rc6 Qg7 (28... Qa1+ 29. Kg2
{[%cal Rc6g6,Re4f4]}) 29. Re7 $1 {[%cal Re7f7]} Kf8 30. Qc5 Kg8 31. Rc8 $18)
28... hxg4 29. Re8+ Kh7 30. Qc5 $4 (30. Rxd8 Rxd8 31. Re8 {was obligatory,
although after} b3 32. Rxd8 Qxd8 33. Qxf7+ Kh6 34. Qe8 b2 35. Qxd8 b1=Q+ 36.
Kg2 Qe4+ $11 {Black escapes by a perpetual check.}) 30... b3 $2 (30... Rb7 {
(not an easy move, in fact!) was winning on the spot. White loses his d7 pawn,
unable to cause any trouble to the black king:} 31. Rxd8 (31. Qf8 Rdxd7) 31...
Qxd8 32. Re8 Qxd7 33. Qe5 f6 $1 $19) 31. Qc7 Ra8 32. Qb7 Qf3 (32... Qd4 33.
Qxb3 Qxd7 34. R8e7 Qd5 35. Rxf7+ Kg8 36. Qxd5 Rxd5 37. Ree7 $11) 33. Qb4 $2 {
The last blunder.} (33. Qc7 {enabled White to save the game:} Rxe8 (33... Qf6
34. Qb7 $11) 34. dxe8=Q Rxe8 35. Rxe8 {and Black must give a perpetual:} Qd1+
36. Kg2 Qf3+) 33... Rxd7 34. R8e3 Qf5 35. Re5 Qf6 36. Qxb3 {Two pawns down, no
compensation... What can White hope for? Of course, FIDE time rate with its
eternal time-trouble!} Kg7 $6 {Blundering one of the pawns back.} (36... a5 $19
) 37. Qb4 Rad8 38. Qxg4 Rd4 {Fortunately for Black, the centralised position
of his rooks still gives him a decisive advantage.} 39. R5e4 $6 (39. Qg3 $142)
39... Re8 $1 40. Rxd4 Rxe1+ 41. Kg2 Re5 42. h4 ({The rook endgame after} 42.
Qf4 {is certainly hopeless for White.}) 42... Rf5 43. Qg3 $2 (43. Rd2 a5 $19)
43... Qxd4 0-1

[Event "RUS-chT 12th"]
[Site "Sochi"]
[Date "2005.04.28"]
[Round "10"]
[White "Dreev, Alexey"]
[Black "Sutovsky, Emil"]
[Result "1/2-1/2"]
[WhiteElo "2705"]
[BlackElo "2665"]
[Annotator "Krasenkow,M"]
[PlyCount "119"]
[EventDate "2005.04.19"]
[EventType "team-tourn"]
[EventRounds "11"]
[EventCountry "RUS"]
[SourceTitle "EXT 2020"]
[Source "ChessBase"]
[SourceDate "2019.10.17"]
[SourceVersion "1"]
[SourceVersionDate "2019.10.17"]
[SourceQuality "1"]
[WhiteTeam "Sverdlovsk Ural region"]
[BlackTeam "Saransk TPS"]
[WhiteTeamCountry "RUS"]
[BlackTeamCountry "RUS"]

1. d4 Nf6 2. c4 g6 3. Nc3 d5 4. cxd5 Nxd5 5. Bd2 Nb6 6. Bg5 Bg7 7. e3 h6 8. Bh4
O-O 9. Nf3 {About this line - see CBM78, annotations to Varga-Mikhalchishin.} (
9. Rc1 {-see Eljanov-Sutovsky in this issue.}) 9... c5 {This move is necessary;
however, recapturing the pawn without positional concessions will be difficult.
} (9... g5 10. Bg3 c5 $6 11. dxc5 Bxc3+ 12. bxc3 Qxd1+ 13. Rxd1 Na4 14. h4 $1
g4 15. Ne5 Nxc3 16. Rd4 Nc6 17. Nxc6 bxc6 18. Bc4 $16 {1-0 Varga,
Z-Mikhalchishin,A/Dortmund 2000/CBM 078/[Krasenkow] (45)}) 10. dxc5 N6d7 (10...
Bxc3+ $2 11. bxc3 Qxd1+ $2 12. Rxd1 Na4 13. Bxe7) 11. Rc1 (11. Bc4 {is
harmless, e.g.} Nc6 12. O-O Nxc5 13. Qe2 Bg4 $1 14. Rad1 Qa5 $13 15. Nd5 $6 g5
16. Bg3 e6 17. Nc7 Rac8 (17... Rad8 $5 18. Nb5 Ne5 $15) 18. Nb5 Ne4 $15 {
1/2-1/2 Ruban,V-Mikhalchishin,A/Cetinje 1993/EXT 2002}) 11... Nc6 12. Bb5 {
preparing to destroy Black's pawn structure by Bxc6.} (12. a3 Nxc5 {/\} 13. b4
$6 Qxd1+ 14. Nxd1 Ne4 15. b5 g5 $13 {Mikhalchishin}) 12... Nxc5 13. O-O (13.
Bxc6 $2 Nd3+) 13... g5 14. Bg3 Be6 {Black can't successfully prevent White's
plan:} (14... Bg4 15. Qe2 a6 $6 16. Bxc6 bxc6 17. Qc4 Bxf3 18. gxf3 Nd3 19. Rc2
Ra7 20. Rd1 Rd7 21. Qxc6 Ne5 22. Rxd7 Nxc6 23. Rxd8 Rxd8 24. a3 $16 {Cebalo,
M-Horvath,C/ch-CRO (team) 1999/1-0 (38)}) (14... Bd7 $5 15. Qe2 $5 {[%cal
Yf1d1]} (15. Nd5 $143 Ne4 16. Bc7 Qe8) 15... a6 16. Bxc6 Bxc6 17. Rfd1 Qb6 18.
Nd4 $36) 15. Bxc6 (15. Qe2 {is not so successful:} Qb6 16. Bc4 (16. Nd2 $5 {
[%cal Yd2c4]}) 16... Rfd8 17. Bxe6 Nxe6 18. h4 Nb4 19. hxg5 hxg5 20. Rfd1 Qa6
21. Qxa6 bxa6 $11 {1/2-1/2 Wang Lei-Van Beek,L/Groningen 1999/CBM 073 ext (49)}
) 15... bxc6 16. Nd4 Bd7 17. Nb3 Nxb3 18. Qxb3 Be6 19. Qa3 a5 $6 {A useless
move.} (19... Qb6 20. Na4 (20. b3 c5 {[%cal Yb6b4]}) 20... Qa6 21. b3 Rfe8 $14)
20. h4 g4 21. b3 Qb6 $6 {There was no point giving up a relatively "healthy"
e7 pawn instead of the "gravely ill" c6 pawn.} (21... Qd7 $142 22. Na4 ({or} 
22. Rfd1 Qb7 23. Na4 Qb4 24. Qxb4 axb4 25. Rxc6 Rfc8) 22... Qd2 23. Rxc6 Rac8)
22. Qxe7 Rfe8 23. Na4 $1 {Did Black underestimate this intermediate move?
White is now just a pawn up and Black's weak c6 pawn is still on the board.
Game over?} (23. Qa3 $6 Qb4 $1 24. Qxb4 axb4 25. Na4 Rxa4 26. bxa4 Bxa2 27.
Rxc6 Ra8 $44 {[%csl Gb4]}) (23. Qc7 Qxc7 24. Bxc7 c5 $5 {[%cal Cc3a4,Cc1c5,
Yc5c4]}) 23... Qb5 24. Qc5 (24. Qa3 $5) 24... Rad8 25. Qxc6 {The other option
is provoking ...Bf5 first:} (25. Qc2 $5 Bf5 (25... Rd3 26. Rfd1 Rxb3 $2 27.
axb3 Bxb3 28. Nc3 Bxc2 29. Nxb5 Bxd1 30. Nd6 $18) 26. Qxc6 Qxc6 27. Rxc6 Rd2
28. a3 (28. Rc5 $143 Bd3 29. Rfc1 Rxa2 30. Rxa5 Bc2 31. Rb5 Bxb3 32. Rxb3 Rxa4
$14) 28... Ra2 29. Bd6 {with good winning chances.}) 25... Qxc6 26. Rxc6 Rd2
27. Nc5 Bd5 (27... Rxa2 28. Rd1 $16) 28. Ra6 (28. Rc7 $5 Rxa2 (28... Rxe3 29.
fxe3 Rxg2+ 30. Kh1 Rf2+ (30... Rxg3+ 31. e4) 31. e4 $1 Rxf1+ 32. Kg2 $18) 29.
Rd1 Ra1 30. Rxa1 Bxa1 31. Rd7 $16) 28... Rxe3 $6 {A desperate attempt to
complicate matters, which ends in a full success.} (28... Rc8 29. Rxa5 Bc3 30.
Rb5 Rxa2 31. Rd1 Bc6 32. Rb8 Rxb8 33. Bxb8 $16) 29. Bf4 ({The cool} 29. fxe3 {
was possible here, too:} Rxg2+ 30. Kh1 Rf2+ 31. e4 Rxf1+ 32. Kg2 Rc1 33. Bf2 $1
(33. exd5 $143 Rxc5 34. d6 Rd5 $14) 33... Rxc5 (33... Bf8 34. exd5 Bxc5 35. Rc6
Ba3 36. Rxc1 Bxc1 37. Bc5 $1 Bb2 38. d6 Bf6 39. Bb6 $18) 34. Bxc5 Bxe4+ 35. Kf2
{and White should win.}) 29... Bd4 30. Bxe3 (30. Nd7 $5 g3 31. Nf6+ Kh8 32.
Bxe3 (32. Nxd5 $2 gxf2+ 33. Kh2 Re1) 32... Bxe3 33. Ng4 $18) 30... Bxe3 31. Nd7
({Not} 31. fxe3 {now:} Rxg2+ 32. Kh1 Rf2+ 33. e4 Rxf1+ 34. Kg2 Rc1 35. Rxa5 Bc6
36. Kg3 h5 {with a probable draw as the g4 pawn is very strong.}) 31... g3 $5
32. Nf6+ Kf8 33. Nxd5 $2 {Unbelievably, this obvious move (eliminating the
dangerous bishop) gives away the victory!} (33. Ng4 {was quite enough:} gxf2+
34. Kh2 Bf4+ 35. g3 Bc7 36. Ra7 Bb6 37. Rd7 $18) (33. Rxa5 {was even better as}
Bxf2+ ({if} 33... Bb7 {then} 34. Ng4 {gains in strength}) {will be met with}
34. Rxf2 $1 gxf2+ 35. Kf1 Bc6 36. Ng4 $18) 33... Bxf2+ 34. Rxf2 (34. Kh1 Rxd5
35. Rxh6 Rd4 $1 {[%cal Yf8g7]}) 34... gxf2+ 35. Kf1 Rxd5 36. a4 Kg7 37. Kxf2 {
In this endgame Black secures a draw by accurate play.} Rd2+ 38. Kg1 Rd3 39.
Rb6 h5 40. Rb5 Kg6 41. Kf2 f6 42. b4 {What else?} axb4 43. Rxb4 Kf5 44. g3 Ra3
45. Kg2 Ra2+ 46. Kh3 Ra3 47. Rc4 Ra2 48. Rf4+ Ke5 49. Rb4 Kf5 50. Rc4 Ra3 51.
Kg2 Ra2+ 52. Kf3 Ra3+ 53. Kf2 Rb3 54. Rf4+ Ke5 55. Kg2 Ra3 56. Kh3 Ra2 57. Rb4
Kf5 58. Rb5+ Kg6 59. Ra5 Kh6 60. Ra8 1/2-1/2

[Event "EU-ch 11th"]
[Site "Rijeka"]
[Date "2010.03.16"]
[Round "10"]
[White "Moiseenko, Alexander"]
[Black "Rodshtein, Maxim"]
[Result "0-1"]
[WhiteElo "2668"]
[BlackElo "2609"]
[Annotator "Krasenkow,M"]
[PlyCount "82"]
[EventDate "2010.03.06"]
[EventType "swiss"]
[EventRounds "11"]
[EventCountry "CRO"]
[SourceTitle "CBM 136"]
[Source "ChessBase"]
[SourceDate "2010.05.18"]
[SourceVersion "1"]
[SourceVersionDate "2010.05.18"]
[SourceQuality "1"]

1. d4 Nf6 2. c4 g6 3. Nc3 d5 4. cxd5 Nxd5 5. Bd2 Bg7 6. e4 Nxc3 7. Bxc3 O-O 8.
Rc1 c5 {This bold move is GM Emil Sutovsky's recent innovation. The other
options don't promise Black easy equality:} (8... Nd7 9. Nf3 $14) (8... c6 9.
h4 $5 h5 10. Nf3 Bg4 11. Be2 $14) (8... b6 9. Nf3 Bb7 10. Bd3 Nd7 11. O-O e6
12. b4 Qe7 13. Qb3 Rfd8 14. Bb2 Nf6 15. Rfe1 $14 {1/2 Dreev,A (2698)-Krasenkow,
M (2663)/Mainz 2005/CBM 107 ext (74)}) (8... e5 {(examined in CBM 108,
annotations to the following game)} 9. dxe5 (9. d5 $5 f5 {1/2 Horvath,P (2473)
-Olle,P (2237)/Hungary 2009/EXT 2010 (19)} 10. exf5 Bxf5 11. Qb3 $14) 9... Qe7
10. f4 Nc6 11. Nf3 Bg4 12. Kf2 Rad8 13. Qc2 g5 $5 14. Nxg5 (14. g3 $2 Qc5+ 15.
Kg2 gxf4 $17 {1/2 Mchedlishvili,M (2518)-Siebrecht,S (2438)/Warsaw 2005/CBM
108/[Krasenkow] (37)}) 14... Nxe5 15. Kg3 Bh5 16. h4 {- contrary to what I
said in CBM 108, Black's compensation for the pawn is not easy to prove, e.g.}
h6 17. Nf3 Nxf3 18. gxf3 Bxc3 19. Qxc3 Kh7 20. Be2 {etc.}) ({and even} 8... Qd6
9. Bc4 (9. Be2 Qe6 10. Qc2 Qxa2 11. Nf3 Bd7 $6 (11... Bg4 $142) 12. O-O Qa4 13.
b3 Qc6 14. Bc4 $44 {1/2 Zsinka,L (2334)-Groszpeter,A (2507)/Hungary 2007/EXT
2008 (53)}) 9... Rd8 $6 (9... Qb6 $5 10. Nf3 Bg4) 10. Nf3 c5 (10... Bg4 $2 11.
Bxf7+) 11. e5 Qc7 12. O-O cxd4 13. Bxf7+ $1 Kxf7 14. Qb3+ e6 15. Ng5+ Ke8 {
1-0 Saric,I (2541)-Bogut,Z (2458)/Sarajevo 2007/CBM 121 Extra (29)} 16. Bb4 $1
Qd7 (16... Qxe5 17. Rc5 Qf6 18. Re1 $18) 17. Rc7 $3 Qxc7 18. Nxe6 Qd7 19. Nc7+
$3 Qxc7 20. Qg8+ Kd7 21. Qxg7+ $18) 9. d5 (9. dxc5 Qxd1+ 10. Kxd1 Bh6 $5 $132 {
[%cal Yf8d8]}) 9... Bxc3+ 10. Rxc3 e6 $1 11. d6 {A double-edged move as this
pawn can easily become weak. Besides, it clears the way for the black knight
to the pedestal on d4. double-edged move.} (11. Bc4 exd5 12. Bxd5 Nd7 13. Ne2
Nf6 14. O-O (14. Rxc5 Qe7 $44) 14... Nxd5 15. exd5 b6 16. Re3 Ba6 17. Re1 Bxe2
18. R1xe2 Qd6 19. h4 Rad8 20. Rd2 Rfe8 21. Qe2 Rxe3 22. Qxe3 Rd7 23. g3 Re7 {
1/2 Shirov,A (2726)-Sutovsky,E (2651)/Kallithea 2008/CBM 127}) (11. Rxc5 Nd7
12. Rc1 exd5 13. Qxd5 Qe7 $44) 11... e5 $1 12. Nf3 Bg4 13. Rxc5 (13. Qd5 Bxf3 {
[%cal Yb8c6,Yc6d4]}) 13... Bxf3 14. gxf3 Nc6 15. Bh3 (15. Rd5 Qf6 $1 (15... Nd4
$143 16. f4 $1)) 15... Qf6 (15... Qb6 16. Rd5 Qxb2 17. O-O $13) 16. O-O Nd4 17.
d7 Rad8 18. Rd5 h5 $6 (18... Qf4 $5 $132 {[%cal Rd4f3,Yf7f5]}) 19. Qd3 {
[%cal Yf1d1] White can now prepare either the exchange sac on d4 or f3-f4.}
Nxf3+ (19... Qf4 20. Kg2 Qg5+ 21. Kh1 Qh4 22. f4 $1 Qxf4 23. Qe3 $14) 20. Kg2
Ng5 (20... Nd4 21. Qe3 {[%cal Rf2f4]} (21. f4 $143 Ne6) 21... Ne6 (21... g5 22.
f3 {[%cal Yf1d1,Yh3f5]}) 22. Bxe6 fxe6 23. Rd6 $16) 21. Qe3 b6 22. Rfd1 $14 {
[%csl Gd7] The black knight has left its central outpost, and White's
prospects are now higher.} Kg7 23. a4 Qe7 24. a5 f6 25. axb6 axb6 26. Rd6 Rf7
27. Kh1 b5 28. Qd3 $6 (28. Bf1 $1 Ne6 29. Bxb5 Nd4 30. R1xd4 exd4 31. Qxd4 $16)
28... b4 29. Qe3 Rff8 30. Kg2 Rf7 31. Rc6 $4 {[%mdl 8192] Blundering his most
precious pawn!} (31. Qd3 {was the most solid move, then preparing the capture
of Black's b-pawn in a favorable situation.}) 31... Nxh3 32. Qxh3 Rxd7 33. Rxd7
$2 {Overwhelmed, White quickly loses.} (33. Rd5 $5) 33... Qxd7 34. Qxd7 Rxd7
35. Rc4 $2 Rd4 36. Rxd4 $2 exd4 37. Kf3 Kf7 38. Ke2 Ke6 39. f4 g5 40. Kd3 gxf4
41. Kxd4 b3 $1 0-1